000 00294nam a22001217a 4500
008 171220b xxu||||| |||| 00| 0 eng d
041 _aeng
080 _24TH
_a615
100 _a5
101 _aFAR
245 _aPHARMACOTHERAPY SELF-ASSESSMENT PROGRAM
_cMUELLER,B.A
942 _2udc
_cBK
999 _c39208
_d39208